Famous people in history- picture quiz - Statistics

General Stats
  • This quiz has been taken 589 times
    556 since last reset
  • The average score is 33 of 60
Answer Stats
Picture Answer % Correct
Adolf Hitler
98%
Jesus Christ
96%
Martin Luther King
94%
Barack Obama
93%
Albert Einstein
92%
Joseph Stalin
92%
John F. Kennedy
91%
Abraham Lincoln
88%
Mahatma Gandhi
85%
Stephen Hawking
83%
Napoleon Bonaparte
80%
Nelson Mandela
80%
Winston Churchill
79%
Queen Victoria
78%
Gautama Buddha
76%
George Washington
76%
Mao Zedong
76%
Julius Caesar
74%
Osama bin Laden
74%
Vladimir Lenin
73%
Ludwig van Beethoven
71%
Marie Curie
70%
Isaac Newton
69%
William Shakespeare
68%
Nikola Tesla
67%
Wolfgang Amadeus Mozart
67%
Genghis Khan
64%
Leonardo da Vinci
64%
Grigori Rasputin
62%
Benjamin Franklin
61%
Karl Marx
61%
Christopher Columbus
60%
Charles Darwin
59%
Fidel Castro
59%
Alexander the Great
57%
Martin Luther
57%
Benito Mussolini
49%
Thomas Edison
49%
John Paul II
46%
Muhammad
45%
Plato
40%
Woodrow Wilson
37%
Mark Twain
35%
Oliver Cromwell
32%
Aristotle
31%
Otto von Bismarck
31%
Thomas Jefferson
29%
Confucius
27%
Henry Ford
26%
Charles Dickens
24%
Francisco Franco
23%
Socrates
22%
Galileo Galilei
16%
Nicolaus Copernicus
15%
Homer
13%
John Locke
12%
Lech Walesa
12%
Michelangelo
11%
Johannes Gutenberg
7%
Mutsuhito
2%
No matching quizzes found
Score Distribution
Percent of People with Each Score
Percentile by Number Answered
Your Score History
You have not taken this quiz since the last reset